<?xml version="1.0" encoding="UTF-8"?>
<collection xmlns="http://www.loc.gov/MARC21/slim">
<record>
  <controlfield tag="001">7358</controlfield>
  <controlfield tag="005">20250121112736.0</controlfield>
  <datafield tag="037" ind1=" " ind2=" ">
    <subfield code="a">POSTER-2025-0026</subfield>
  </datafield>
  <datafield tag="100" ind1=" " ind2=" ">
    <subfield code="a">Mahsa Onvani, Kris Vanneste</subfield>
  </datafield>
  <datafield tag="245" ind1=" " ind2=" ">
    <subfield code="a">Individual kappa calculation for BELSHAKE, site kappa and kappa gradient estimation across crustal domains in Belgium </subfield>
  </datafield>
  <datafield tag="260" ind1=" " ind2=" ">
    <subfield code="c">2024</subfield>
  </datafield>
  <datafield tag="269" ind1=" " ind2=" ">
    <subfield code="c">2024-11-27</subfield>
  </datafield>
  <datafield tag="520" ind1=" " ind2=" ">
    <subfield code="a">This study explores the high-frequency attenuation parameter, κ (kappa), an important parameter in seismic hazard assessment. In this study κ was calculated using the classic definition by Anderson and Hough, which is based on the slope of the acceleration Fourier amplitude spectrum.  To refine κ, we: Compared κ values with 𝑡∗ (t-star) values; Filtered induced and shallow seismic events (&lt;8 km); Extrapolated site-specific κ0 to zero epicentral distance to isolate site effects; Validated results with global 𝑉𝑠30 expectations. To further investigate κ, three methods for estimating κ gradients and site-specific κ0 were evaluated:  Free Kappa Gradient Method,  Joint Kappa Gradient Method,  Mixed-Effect Method.  Each method offers unique advantages: Free Kappa Gradient Method being computationally efficient but sensitive to data quality; the Joint Kappa Gradient Method integrating multi-source data but constrained by optimization ranges; the Mixed-Effect Method providing robust statistical reliability for complex datasets.  Performance comparisons across crustal domains using the Intraclass Correlation Coefficient highlight the trade-offs in simplicity, robustness, and accuracy among these methods. This comprehensive analysis enhances the understanding of crustal attenuation properties, contributing to improved seismic models and hazard assessments.</subfield>
  </datafield>
  <datafield tag="536" ind1=" " ind2=" ">
    <subfield code="a">2BRAIN_BELSHAKE/</subfield>
    <subfield code="c">2BRAIN_BELSHAKE/</subfield>
    <subfield code="f">2BRAIN_BELSHAKE</subfield>
  </datafield>
  <datafield tag="594" ind1=" " ind2=" ">
    <subfield code="a">NO</subfield>
  </datafield>
  <datafield tag="653" ind1="1" ind2=" ">
    <subfield code="a">kappa, attenuation, site-specific kappa, kappa gradient, mixed effect method</subfield>
  </datafield>
  <datafield tag="773" ind1=" " ind2=" ">
    <subfield code="t">	102nd Journées Luxembourgeoises de Géodynamique (JLG) &amp; EFEHR Scientific Session 2024 </subfield>
  </datafield>
  <datafield tag="856" ind1="0" ind2=" ">
    <subfield code="f">mahsa.onvani@ksb-orb.be</subfield>
  </datafield>
  <datafield tag="856" ind1="4" ind2="2">
    <subfield code="a">https://www.ecgs.lu/102nd-jlg/</subfield>
  </datafield>
  <datafield tag="856" ind1="4" ind2=" ">
    <subfield code="s">1701479</subfield>
    <subfield code="u">http://publi2-as.oma.be/record/7358/files/Final version_EFEHR_Poster_Mahsa Onvani.pdf</subfield>
  </datafield>
  <datafield tag="856" ind1="4" ind2=" ">
    <subfield code="s">20786</subfield>
    <subfield code="u">http://publi2-as.oma.be/record/7358/files/Final version_EFEHR_Poster_Mahsa Onvani.gif?subformat=icon</subfield>
    <subfield code="x">icon</subfield>
  </datafield>
  <datafield tag="856" ind1="4" ind2=" ">
    <subfield code="s">21399</subfield>
    <subfield code="u">http://publi2-as.oma.be/record/7358/files/Final version_EFEHR_Poster_Mahsa Onvani.jpg?subformat=icon-180</subfield>
    <subfield code="x">icon-180</subfield>
  </datafield>
  <datafield tag="980" ind1=" " ind2=" ">
    <subfield code="a">CPOSTER</subfield>
  </datafield>
</record>
</collection>